000 00723nam a22001937a 4500
005 20251108164203.0
008 250721s1997 xx 000 0 ara d
082 1 4 _a301,41209565/حلق
111 2 _aحلقة نقاش حول المرأة و مجلس النواب القادم (عمان :1996 )
245 1 0 _aالمرأة و مجلس النواب القادم :
_bحلقة نقاش /
264 1 _aعمان :
_bمركز الريادة للمعلومات والدراسات،
_c1997.
300 _a36ص
490 0 _aالمجتمع المدني والنظام البرلماني
650 1 7 _aالمرأة
650 1 7 _aالأردن
650 1 7 _aالهيئات التشرعية
942 _2ddc
_cBK
999 _c5864
_d5864